Statistics for Operation: Doomsday Tracklist (MF DOOM)

Click here to take the quiz!

General Stats

  • This quiz has been taken 25 times
  • The average score is 6 of 19

Answer Stats

HintAnswer% Correct
2doomsday
100%
3rhymes like dimes
67%
8red and gold
57%
17gas drawls
52%
12hey!
38%
4the finest
38%
1the time we
faced doom (skit)
38%
16dead bent
33%
13operation: greenbacks
29%
7tick, tick...
29%
18?
24%
6go with the flow
24%
10who you think i am?
24%
14the mic
19%
19hero vs villain (epilogue)
14%
11doom are you awake? (skit)
10%
9the hands of doom (skit)
10%
5back in the days (skit)
5%
15the mystery of doom (skit)
5%

Score Distribution

Percentile by Number Answered

Percent of People with Each Score

Your Score History

You have not taken this quiz